000 00833nam a2200181Ia 4500
001 11536
003 GE_BSU
008 181216s||||||||xx |||||||||||||| ||und||
040 _cGE_BSU
080 _a091(=353.1)
245 _aხელნაწერთა აღწერილობა.ტ 1.
245 _cშედგენილია და დასაბეჭდად მომზადებული მუზეუმის მეცნიერი მუშაკის ე.ნიკოლაძის მიერ; რედაქტორი:პროფ.კ.კეკელიძე.
260 _aთბილისი.
260 _bსაქ.სსრ მეცნ.აკად.გამბა.
260 _c1953.
653 _aხელნაწერთა აღწერილობა.ტ 1.
942 _cBK
999 _c44731
_d44731